[Event "Pamplona 0102"]
[Site "Pamplona"]
[Date "2001.12.28"]
[Round "2"]
[White "Narciso Dublan, Marc"]
[Black "Andersson, Ulf"]
[Result "0-1"]
[WhiteElo "2517"]
[BlackElo "2601"]
[Annotator "Ribli,Z"]
[PlyCount "70"]
[EventDate "2001.12.27"]
[EventType "tourn"]
[EventRounds "9"]
[EventCountry "ESP"]
[EventCategory "14"]
[SourceTitle "CBM 087"]
[Source "ChessBase"]
[SourceDate "2002.03.21"]
[SourceVersion "1"]
[SourceVersionDate "2002.03.21"]
[SourceQuality "1"]

1. e4 c5 2. Nf3 e6 3. d4 cxd4 4. Nxd4 Nc6 5. Nc3 a6 6. Be3 Qc7 7. Qd2 {Dieser
Aufbau ist in jüngster Zeit sehr beliebt - meiner Meinung nach eignet er sich
jedoch besser gegen andere Systeme (z.B. gegen die Najdorf Variante). In
unserer Stellung hat Schwarz verschiedene Optionen - er kann den Läufer nach
b4 oder auch nach c5 entwickeln. Außerdem kann Schwarz zwischen d7-d6 und
d7-d5 wählen.} Nf6 8. O-O-O Bb4 9. f3 Ne7 $5 $146 {[%mdl 4] Eine sehr
interessante Neuerung - Schwarz öffnet die c-Linie für seine Dame und - das
ist noch wichtiger - in der Folge kann er mit e6-e5 den Nd4 angreifen, denn
nun ist er gut gegen Nf5 gewappnet.} (9... Ne5 10. Nb3 b5 11. Bd4 (11. Kb1 Be7
12. Qf2 d6 13. g4 Nfd7 14. g5 Bb7 15. a3 O-O 16. Rg1 Rfc8 17. h4 Nc4 18. Bxc4
bxc4 19. Nc1 Rab8 {1/2-1/2 Nevednichy,V-Delchev,A/Creon 2001/EXT 2002 (19)})
11... Be7 (11... Bb7 12. Kb1 Rc8 $2 (12... Be7 $1) 13. Nxb5 axb5 14. Bxe5 Qxe5
15. Qxb4 $18 {1-0 Morozevich,A-Gustafsson,J/Internet Chess Club 1999 (22)}) 12.
Kb1 (12. Qf2 d6 13. g4 O-O 14. Rg1 Nfd7 15. f4 Nc4 16. g5 b4 17. Bxc4 Qxc4 18.
f5 bxc3 19. f6 Bd8 20. fxg7 Re8 21. Rd3 e5 22. Rh3 Qe6 {0-1 Motylev,A-Alekseev,
E/Tomsk RUS 2001/(28)}) 12... Bb7 (12... d6 13. Qf2 Rb8 14. g4 h6 15. h4 Nc4
16. Bxc4 bxc4 17. Nd2 e5 18. Ba7 Rb7 19. g5 Nh5 20. Nd5 $14 {1/2-1/2
Morozevich,A-Anand,V/Dortmund 2001/CBM 85/[Ribli] (38)}) 13. Qg5 (13. Na5 d6
14. Nxb7 (14. Ne2 {1/2-1/2 Ivanchuk,V-Ljubojevic,L/Beograd 1995/Inf 65 (14)})
14... Qxb7 15. f4 Nc6 16. Bxf6 Bxf6 17. g4 O-O 18. g5 Bxc3 19. Qxc3 Rfd8 20. h4
e5 {0-1 Kovchan,A-Tregubov,P/Smolensk RUS 2000/(55)}) 13... Ng6 14. e5 Nd5 15.
Nxd5 Bxd5 16. Qe3 Rc8 17. Bd3 O-O 18. h4 f6 {1/2-1/2 Korneev,O-Oms Pallise,J/
Albacete ESP 2000/(48)}) 10. a3 $6 {Weiß forciert den Abtausch auf c3. In
vielen Varianten will Schwarz aber ohnehin auf c3 schlagen.} (10. Bd3 Bxc3 11.
Qxc3 Qxc3 12. bxc3 e5 $15) (10. Nde2 d5 $11) 10... Bxc3 11. Qxc3 (11. bxc3 d5
$15) 11... Qxc3 12. bxc3 e5 13. Nf5 (13. Nb3 d5 14. Bg5 dxe4 (14... Be6 15. Nc5
) 15. Bxf6 gxf6 16. fxe4 $11) 13... Nxf5 14. exf5 b5 $6 {Mit diesem riskanten
Zug will Schwarz das Spiel verkomplizieren.} (14... d5 15. g4 (15. Bg5 Bxf5 16.
Bxf6 gxf6 17. Rxd5 Rc8 18. Kb2 Ke7 $15) 15... h6 $13) 15. c4 (15. Bg5 Ke7 $11)
15... d5 {Schwarz opfert einen Bauern. Er bekommt dafür zwar Gegenspiel, aber
ich bin mir gar nicht sicher, ob diese Kompensation ausreichend ist.} (15...
bxc4 $6 16. Bxc4 $14) 16. cxb5 (16. cxd5 $5 Bxf5 17. g4 $36) 16... axb5 (16...
Bxf5 $6 17. bxa6 $16) 17. Bxb5+ Bd7 18. Bxd7+ Kxd7 $44 {Das ist wie im
Wolga-Gambit. Schwarz hat einen Bauern weniger, dafür aber starke Kompensation
und aktives Spiel am Damenflügel.} 19. Rd3 d4 (19... Ra4 20. Bg5 $16) 20. f4 $1
{Weiß will das starke schwarze Bauernzentrum sprengen.} Nd5 (20... Ng4 $2 21.
Bg1 $16 {[%cal Rh2h3,Rh3g4]}) 21. Bd2 $6 (21. Re1 $1 {Mit diesem Zug kann Weiß
die Spannung halten, und der Läufer kann nach f2 zurückgehen.} f6 (21... Kc6
22. Bd2 Nxf4 (22... exf4 23. Re4 $16) 23. Bxf4 exf4 24. Re4 $16) 22. fxe5 fxe5
23. Bf2 Kd6 24. Bg3 $16) 21... f6 22. Re1 Kd6 $132 {Steinitz wäre zufrieden
gewsen - er sagte "Der König ist eine starke Figur!".} 23. fxe5+ fxe5 24. Kb2 (
24. Bb4+ Nxb4 25. axb4 Kd5 $44 {[%csl Gd4,Gd5,Ge5][%cal Re5e4]}) 24... Rhb8+
25. Rb3 Nb6 $44 {[%cal Gb6c4][%mdl 2048] Schwarz hat gutes Figurenspiel, seine
Zentralbauern sind gefährlich.} 26. Kc1 Nc4 27. Rxb8 (27. Bb4+ Kd5 $44) 27...
Rxb8 28. Bb4+ Kd5 {Der König folgt stets seinen Bauern.} 29. Re2 e4 $17 {
[%csl Gc4,Gd4,Gd5,Ge4] Weiß hat einen Bauern mehr, aber seine Stellung ist zu
passiv. Der positionelle Druck von Schwarz ist spürbar.} 30. g4 e3 31. Rg2 Ke4
{[%csl Ge4]} 32. Kd1 Rc8 (32... Ra8 $17 {[%csl Ra3][%cal Ra8a3]}) 33. Rg3 (33.
Ke2 Ne5 34. Kf1 (34. Kd1 d3 $17) 34... d3 $17) 33... Nb2+ $19 34. Kc1 Nd3+ 35.
Kd1 Nf2+ (35... Nf2+ 36. Kc1 d3 $19) 0-1

[Event "St Petersburg-ch"]
[Site "St Petersburg"]
[Date "1996.??.??"]
[Round "3"]
[White "Orlov, Vassily"]
[Black "Taimanov, Mark E"]
[Result "1/2-1/2"]
[WhiteElo "2430"]
[BlackElo "2470"]
[Annotator "Ribli,Z"]
[PlyCount "107"]
[EventDate "1996.04.??"]
[EventType "tourn"]
[EventRounds "13"]
[EventCountry "RUS"]
[EventCategory "11"]
[SourceTitle "CBM 056"]
[Source "ChessBase"]
[SourceDate "1997.02.01"]
[SourceVersion "1"]
[SourceVersionDate "1997.02.01"]
[SourceQuality "1"]

1. e4 c5 2. Nf3 e6 3. d4 cxd4 4. Nxd4 Nc6 5. Nc3 a6 6. Be3 Qc7 7. Bd3 b5 8. a3
$6 {Nach dem Refexzug 8.a3 hat Weiß keinen Eroeffnungsvorteil. Ich empfele} (8.
O-O {und nach} Bb7 9. Qe2 $14) 8... Bb7 9. O-O Nf6 10. Kh1 Ne5 (10... h5 $5 11.
f4 Ng4 12. Bg1 g5 $5 {Kudrin,S-Benjamin,J/USA-ch/1995/CBM51/}) 11. Bf4 (11. f4
Nc4 12. Bxc4 Qxc4 13. e5 (13. Qd3 Rc8 14. Rfe1 Be7 15. h3 O-O $132 {Rusjan,
D-Sliber,M/SLO-chT Bled/1996/EXP55/}) 13... Nd5 $15 {Anka,E-Szilagyi,P/tt_HUN/
9596/ Und Schwarz ist sehr stark auf der Diagonalen a8->h1.}) 11... d6 (11...
Bd6 12. Bxb5 axb5 $2 (12... Nxe4 13. Nxe4 Bxe4) 13. Ndxb5 $18) 12. Bg3 (12. Qe2
$2 Nxd3 13. Qxd3 e5 14. Nf5 exf4 15. Nd5 Nxd5 16. exd5 O-O-O $19 {Radulov,
I-Taimanov,M/EU-chT Kapfenberg/1970/}) 12... Be7 13. Qe2 (13. f4 Nc4 14. e5 $2
Ne3 15. Qe2 Nxf1 16. exf6 Nxg3+ $19) 13... Qb6 (13... Rc8 $5) 14. Nb3 O-O (
14... Rc8 15. f4 Nc4 16. e5) 15. f4 Nxd3 16. cxd3 {Das ist eine interessante
Stellung. Schwarz hat das Läuferpaar, aber die weiße Zentrumstellung ist
ziemlich stark wegen des Bauern d3. Anderseits besitzt Weiß Raumvorteil und
Initiative am Königsflügel.} Rac8 $10 17. Bf2 Qd8 18. Bd4 Nd7 19. Qh5 e5 $1 20.
Be3 (20. fxe5 dxe5 21. Bxe5 $2 g6 $19) 20... Bf6 $6 (20... exf4 21. Bxf4 Ne5
22. Bxe5 $6 dxe5 23. Qxe5 Bf6 24. Qg3 Bxc3 25. bxc3 Rxc3 $36) 21. f5 $14 Nc5
22. Nxc5 dxc5 23. Rf3 g6 (23... Qxd3 $2 24. Bxc5) 24. Qg4 Bg7 25. Raf1 b4 {
Das ist die einzige Gegenchance für Schwarz, im Trüben zu fischen.} 26. Na4
bxa3 27. f6 (27. bxa3 Qa5) 27... Bh8 28. Bxc5 Qa5 29. Bxf8 Rxf8 {Nach
Qualitaetsverlust Schwarz bekommt etwas Gegenspiel.Ribli.} 30. b3 Bc6 31. Rc1
Bxa4 32. bxa4 Qxa4 33. Rff1 a2 34. Rc8 $2 (34. Ra1 $1 Rb8 35. Qe2 Rb1 36. Raxb1
axb1=Q 37. Rxb1 Bxf6 {Diese Stellung ist besser fuer Weiss,als die
Partiefortsetzung.}) 34... Bxf6 35. Rxf8+ Kxf8 36. Qd1 Qa3 (36... Qxd1 37. Rxd1
$18) 37. Qa1 Kg7 38. Rd1 Qb3 39. Rd2 Qb1+ 40. Rd1 Qc2 41. Qc1 Qb3 42. Qa1 Bg5
43. Re1 (43. Qxe5+ $2 Bf6) 43... f6 44. Qd1 Qc3 45. Rf1 h5 46. g3 Kh6 47. Kg2
Qb2+ 48. Kh3 a5 49. Qa4 Qe2 50. Qd1 Qb2 51. Qa4 Be3 $1 {Jetzt Schwarz steht
nicht mehr schlechter, er kann statt Zugwiederholung zu machen ruhig weiter
spielen.} 52. Qc6 a1=Q 53. Rxa1 Qxa1 54. Qxf6 (54. Qxf6 {Jetzt kann Schwarz
nicht mehr gewinnen. Nach} Qd4 55. Qf8+ Kg5 {folgt} 56. Qe7+ {mit ewigem
Schach.}) 1/2-1/2

[Event "EU-Cup 21st"]
[Site "Saint Vincent"]
[Date "2005.09.21"]
[Round "4.1"]
[White "Smirin, Ilia"]
[Black "Portisch, Lajos"]
[Result "1-0"]
[WhiteElo "2652"]
[BlackElo "2536"]
[Annotator "Ribli,Z"]
[PlyCount "81"]
[EventDate "2005.09.18"]
[EventType "team-swiss"]
[EventRounds "7"]
[EventCountry "ITA"]
[SourceTitle "CBM 110"]
[Source "ChessBase"]
[SourceDate "2006.01.31"]
[SourceVersion "1"]
[SourceVersionDate "2006.01.31"]
[SourceQuality "1"]
[WhiteTeam "Ashdod"]
[BlackTeam "Zalaegerszeg"]
[WhiteTeamCountry "ISR"]
[BlackTeamCountry "HUN"]

1. e4 c5 2. Nf3 e6 3. d4 cxd4 4. Nxd4 Nc6 5. Nc3 Qc7 6. Be3 Nf6 {Mit dieser
Fortsetzung möchte Schwarz den Zug a6 einsparen.} 7. Qd2 {Weiß plant die lange
Rochade.} Bb4 8. f3 d5 9. a3 (9. Ndb5 Qa5 10. a3 (10. exd5 $5) 10... dxe4 11.
Nd6+ Bxd6 12. Qxd6 exf3 13. O-O-O $44 {1-0 Goossens,E-Pilaj,H/Halkidiki 2002/
CBM 92 no vc (68)}) 9... Ba5 $146 (9... Be7 $6 10. exd5 Nxd5 11. Nxd5 exd5 12.
Nb5 Qd8 13. Bf4 O-O 14. Nc7 Rb8 15. Nxd5 Bd6 16. O-O-O $16 {1-0 Bluvshtein,
M-Szabo,K/Heraklio 2002/(51)}) (9... Qa5 $5 {Es sei angemerkt, dass eine
ähnliche Stellung nach 6.Be3 a6 7.Qd2 Bb4 8.f3 d5 9.a3 Qa5 erreicht wird, mit
dem Unterschied, dass hier Schwarz ein Mehrtempo besitzt.} 10. Nb3 Bxc3 11.
bxc3 (11. Nxa5 Bxd2+ 12. Bxd2 Nxa5 13. Bxa5 dxe4 14. fxe4 Nxe4 {0-1 Bil,
A-Miranda,R/Sao Paulo 2005/ (54)}) 11... Qc7 12. Bf4 e5 13. Bg5 (13. exd5 exf4
14. dxc6 O-O) 13... dxe4 14. Bxf6 e3 15. Qxe3 gxf6 16. O-O-O Bd7 17. Bc4 Rf8
18. Bd5 O-O-O {1/2-1/2 Sebag,M-Karwade,E/Oropesa del Mar 2000/EXT 2001 (49)})
10. Ndb5 {Auf diese Weise verhindert Weiß den Zug a7-a6.} (10. O-O-O) 10... Qe7
11. Qf2 {[%cal Ge3c5,Gc5e7,Gf2c5]} O-O $5 {[%mdl 512] Ein nützliches
Qualitätsopfer mit dem Schwarz seine Entwicklung beendet.} (11... Bxc3+ 12.
Nxc3 b6 13. Bb5 $16) 12. Bc5 Qd8 (12... Bb6 13. Bxb6 (13. Bxe7 Bxf2+ 14. Kxf2
Nxe7) 13... axb6 14. Qxb6 (14. Be2 $14) 14... dxe4 15. fxe4 e5 16. Bd3 $14) 13.
O-O-O (13. Bxf8 Qxf8 $44) 13... a6 $1 14. exd5 exd5 15. Bxf8 Qxf8 $44 {[%csl
Ga5,Rb5,Rc3] Schwarz hat eine Qualität weniger, aber sein schwarzfeldriger
Läufer ist sehr stark während Weiß Probleme hat, sichere Felder für seine
Springer zu finden.} 16. Nd4 Bxc3 (16... Bb6 $2 17. Nce2 $16) 17. bxc3 Qxa3+
18. Kd2 {[%csl Rc2,Rc3,Rd2] Die weiße Bauernstruktur ist schwach und sein
König steht exponiert in der Mitte, aber er hat eine Qualität mehr.} Bd7 $6 {
[%cal Ga8c8,Gc8c2]} (18... Na5 $1 $44 {[%cal Ga5c4]}) 19. Nxc6 bxc6 (19... Bxc6
$5 20. Bd3 a5 $44) 20. Bd3 $14 Qd6 21. Qg3 Qc5 {Schwarz muss die Dame auf dem
Brett halten.} (21... Qxg3 22. hxg3 $16) 22. Rb1 Qa7 23. Rhe1 {[%csl Gb1,Ge1]
[%cal Gb1b8,Ge1e8] Schwarz hat nur einen Bauern für die Qualität und die
weißen Türme stehen sehr aktiv auf den offenen Linien.} c5 (23... a5 $5) 24.
Qd6 {[%csl Gb1,Gd6,Ge1]} c4 25. Bf1 Bb5 (25... Be6) 26. Re3 h6 27. Rbe1 Rf8 28.
g4 Qa8 {[%cal Gf8d8,Gd8d6]} 29. Kc1 Rd8 30. Qc5 d4 $2 {[%mdl 8192] Dieses
Bauernopfer ist fehlerhaft; es wäre viel besser mit 30...Qb8 fortsetzen,
wonach Schwarz noch kämpfen kann.} (30... Qb8 $142 $1 $14 {[%cal Gb8h2]}) 31.
cxd4 $16 Nd5 (31... Rd5 32. Qb6 $18) 32. Re5 c3 (32... f6 33. Re6) 33. Bc4 (33.
Bxb5 $6 axb5 34. Kb1) 33... Bxc4 34. Qxc4 Qb7 (34... Qb8 35. Qb3 $18) 35. Re8+
Rxe8 36. Rxe8+ Kh7 37. Qb3 $18 Nb4 (37... Qc6 38. Re5 $18) 38. Re3 a5 39. Rxc3
Qe7 40. Kb2 Qf6 41. Qc4 1-0

[Event "EU-ch 5th"]
[Site "Antalya"]
[Date "2004.05.24"]
[Round "9"]
[White "Haznedaroglu, Kivanc"]
[Black "Iotov, Valentin Dimitrov"]
[Result "1-0"]
[WhiteElo "2395"]
[BlackElo "2342"]
[Annotator "Ribli,Z"]
[PlyCount "47"]
[EventDate "2004.05.15"]
[EventType "swiss"]
[EventRounds "13"]
[EventCountry "TUR"]
[SourceTitle "CBM 101"]
[Source "ChessBase"]
[SourceDate "2004.07.27"]
[SourceVersion "1"]
[SourceVersionDate "2004.07.27"]
[SourceQuality "1"]

1. e4 c5 2. Nf3 e6 3. d4 cxd4 4. Nxd4 Nc6 5. Nc3 Qc7 6. Be3 a6 7. Bd3 {Das ist
eine prinzipielle Variante, aber die andere Möglichkeit - 7.Qd2 (mit der Idee
8.0-0-0) - ist so populär, dass der Textzug heutzutage weniger gespielt wird.}
Nf6 8. O-O Ne5 {Der Springerzug ist die Hauptfortsetzung für Schwarz, aber die
Alternativen 8...b5, 8...Nxd4, 8...Bd6 sind auch möglich.} 9. h3 Bc5 10. Kh1 d6
11. f4 Ng6 12. Qe1 {Weiß beabsichtigt 13.f5 und 14.Qh4! zu ziehen, mit starkem
Angriff am Königsflügel.} O-O $2 {Das ist ein sehr optimistischer Zug -
Schwarz hat keine Angst von dem weißen Angriff. Nach meiner Meinung bietet 12..
.Bd7!? Schwarz viel bessere Chancen.} (12... Bd7 $5) 13. f5 Ne5 14. Qh4 $1 Bd7
(14... b5 15. Rf3 $5 Nxf3 16. gxf3 Ne8 17. Rg1 g6 18. Rg4 b4 19. Nce2 e5 20.
Qh6 d5 21. Rh4 f6 22. Ne6 Bxe6 23. Bxc5 Rf7 24. fxe6 Rg7 25. Bxb4 {1-0 Nedev,
T-Comas Fabrego,L/Batumi GEO 1999 (25)}) {[#]} 15. Rf3 $1 {Das ist der
Schlüsselzug des weißen Spiels - es droht 16.Rg3 und im Falle von 15...Nxf3 -
wie in der Partie - bekommt Weiß auch überlegenen Angriff. Dieser Turmzug
wurde zuerst in der Partie Mitkov,N-Rublevsky,S/Neum 2000 gespielt.} (15. g4
Qb6 16. g5 Nh5 17. Qxh5 Bxd4 18. Bxd4 Qxd4 19. f6 Bc6 {1/2-1/2 Kasparov,
G-Milos,G/ Rio de Janiero 1996 (27)}) 15... Nxf3 (15... Qb6 16. Rg3 Ne8 17.
Nce2 exf5 18. exf5 Qxb2 19. Rd1 f6 20. Be4 $44 {[%cal Ge4d5,Gd5g8,Ge4b7]} Bc6
21. Nxc6 bxc6 22. Bxc5 dxc5 23. Nf4 {[%csl Ye6][%cal Gf4e6] 1-0 Parligras,
M-Cosma,I/Targoviste 2001/CBM 87/[Ribli] (45)}) 16. gxf3 Qd8 (16... Kh8 17. Rg1
Rg8 (17... Qd8 $2 18. e5 $1 dxe5 19. Rxg7 $3 $16 Rg8 20. Rxg8+ Kxg8 21. Bg5 Be7
22. Ne4 $1 Nd5 23. f6 $1 $18 Qb6 24. Nc5 Qxc5 25. Qxh7+ {1-0 Mitkov,
N-Rublevsky,S/Neum 2000/CBM 80/[Ribli] (25)}) 18. fxe6 fxe6 $5 (18... Bxe6 19.
e5 dxe5 (19... Bxd4 $2 20. exf6 g6 21. Bxd4 d5 22. Rg5 {1-0 Paehtz,E-Horvath,A/
Dresden 2001/CBM 80 ext (22)}) 20. Ne4 Nxe4 21. Bxe4 g6 22. Qf6+ Rg7 23. Bh6
Bf8 24. Bxg7+ Bxg7 25. Nxe6 fxe6 26. Qxe6 Rd8 $11) 19. e5 {[%cal Gd3h7]} dxe5
20. Ne4 Nxe4 21. Bxe4 g6 22. Rxg6 Rxg6 23. Bxg6 Bc8 24. Nf5 (24. Nxe6 Bxe6 25.
Bxc5 Kg8 26. Be4 Qxc5 27. Qxh7+ Kf8 28. Qh8+ Bg8 29. Qf6+ Bf7 $11) (24. Nc6
Bxe3 25. Qf6+ Kg8 26. Ne7+ Qxe7 27. Qxe7 hxg6 $11) 24... Bf8 25. Qf6+ Bg7 26.
Nxg7 Qxg7 27. Qd8+ Qg8 28. Qf6+ $11) 17. Rg1 {[%csl Rg8][%cal Rg1g8] Alle
weißen Figuren stehen sehr aktiv, der schwarze König befindet sich in großer
Not.} Ne8 18. Rxg7+ $1 {[%mdl 512] Dieses Turmopfer ist schön und führt zum
Gewinnt. Aber alles ist noch Theorie... Die wirkliche Frage ist, warum spielt
Schwarz diese Variante?} Nxg7 {Das ist der erste neue Zug in der Partie, aber
er hilft auch nicht.} (18... Kxg7 19. Qh6+ Kg8 20. e5 exf5 (20... dxe5 21. f6
$18) 21. Nxf5 $18 f6 22. Bc4+ Rf7 23. Bxf7+ Kxf7 24. Qxh7+ Ng7 25. e6+ Kxe6 26.
Nxg7+ Kf7 27. Nh5+ Ke8 28. Qg8+ {1-0 Odisharia,T-Javakhishvili,L/Tbilisi 2002/
EXT 2004 (28)}) 19. f6 $18 {[%mdl 128]} Kh8 (19... Ne8 20. e5 $18) (19... e5
20. Qg5 $18) 20. Bg5 {[%cal Rh4d8,Rf6g7]} (20. fxg7+ Kxg7 21. Bg5 Bxd4 22. e5
$18) 20... Bxd4 (20... Nh5 21. e5 Rg8 22. Qxh5 Rg6 23. Bxg6 fxg6 24. Qh4 Qe8
25. Ne4 $18) 21. fxg7+ Bxg7 22. e5 (22. Bxd8 Raxd8 23. e5 f5 (23... h6 24. Qe4
$18) 24. exf6 $18) 22... h6 (22... f5 23. exf6 Bh6 24. Bxh7 $1 $18) 23. Qe4 {
[%csl Rh8][%cal Rd3h7,Rh7h8]} f5 24. exf6 1-0

[Event "ROM-ch"]
[Site "Targoviste"]
[Date "2001.12.08"]
[Round "14"]
[White "Parligras, Mircea Emilian"]
[Black "Cosma, Ioan"]
[Result "1-0"]
[WhiteElo "2431"]
[BlackElo "2472"]
[Annotator "Ribli,Z"]
[PlyCount "89"]
[EventDate "2001.11.23"]
[EventType "tourn"]
[EventRounds "15"]
[EventCountry "ROU"]
[EventCategory "9"]
[SourceTitle "CBM 087"]
[Source "ChessBase"]
[SourceDate "2002.03.21"]
[SourceVersion "1"]
[SourceVersionDate "2002.03.21"]
[SourceQuality "1"]

1. e4 c5 2. Nf3 Nc6 3. d4 cxd4 4. Nxd4 Qc7 5. Nc3 {Statt dieser natürlichen
Fortsetzung wäre auch 5.Nb5 möglich.} e6 6. Be3 a6 7. Bd3 {Das ist eine aktive
Variante für Weiß - anschließend möchte er mit 0-0 und f2-f4 so schnell wie
möglich angreifen.} Nf6 8. O-O Ne5 {Dieser Springerzug verschafft Schwarz
ausgezeichnete Ausgleichschancen, aber es gibt auch noch andere Fortsetzungen,
wie 8...Nxd4, 8...b5, 8...Bd6 und 8...h5. Jetzt droht 9...Nfg4.} 9. h3 Bc5 10.
Kh1 {Dieser Zug wurde u.a. schon von Kasparov gespielt. Weiß legt sich noch
nicht auf einen konkreten Spielplan fest, sondern macht erst einmal einen
prinzipiell nützlichen, prophylaktischen Zug.} d6 11. f4 Ng6 {Der Ng6
provoziert den Vorstoß f4-f5, worauf er mit Ne5 antworten möchte.} 12. Qe1 O-O
{Dieser Zug ist sehr riskant und meiner Meinung nach nicht logisch. Besser
wäre es, 12...Bd7 zu spielen (um den Zug 13...Qb6 vorzubereiten) und je nach
der weißen Fortsetzung entweder lang zu rochieren oder den König in der Mitte
zu belassen.} (12... Bd7 $5) 13. f5 Ne5 14. Qh4 Bd7 15. Rf3 $5 {[%cal Gf3g3,
Gg3g8] Diese ausgezeichnete Neuerung von Mitkov (gegen Rublevsky) ist heute
der Hauptzug in dieser Variante. Weiß opfert die Qualität und kann auch im
Falle von 15...Nxf3 16.gxf3 die g-Linie mit seinem Turm besetzen.} Qb6 (15...
Nxf3 {Nach diesem Zug bekommt Weiß sehr starken Angriff, aber Schwarz kann
sich in den konkreten Varianten noch verteidigen.} 16. gxf3 Kh8 (16... Ne8 17.
Rg1 Bxd4 18. Bxd4 f6 19. e5 Bc6 {0-1 Maletin,P-Popov,R/Novosibirsk 2001/CBM 82
ext (43)}) 17. Rg1 Rg8 (17... Qd8 $2 18. e5 $1 dxe5 19. Rxg7 $3 $16 {1-0
Mitkov,N-Rublevsky,S/Neum 2000/CBM 80/[Ribli] (25)}) 18. fxe6 fxe6 (18... Bxe6
19. e5 dxe5 (19... Bxd4 $2 20. exf6 g6 21. Bxd4 d5 22. Rg5 {1-0 Paehtz,
E-Horvath,A/Dresden 2001/CBM 80 ext (22)}) 20. Ne4 Nxe4 21. Bxe4 g6 22. Qf6+
Rg7 23. Bh6 Bf8 24. Bxg7+ Bxg7 25. Nxe6 fxe6 26. Qxe6 Rd8 $11) 19. e5 dxe5 20.
Ne4 Nxe4 21. Bxe4 g6 22. Rxg6 Rxg6 23. Bxg6 Bc8 24. Nf5 (24. Nxe6 Bxe6 25. Bxc5
Kg8 26. Be4 Qxc5 27. Qxh7+ Kf8 28. Qh8+ Bg8 29. Qf6+ Bf7 $11) 24... Bf8 25.
Qf6+ Bg7 26. Nxg7 Qxg7 27. Qd8+ Qg8 28. Qf6+ $11) 16. Rg3 $40 {[%mdl 128]} Ne8
(16... Bxd4 17. Qxf6 g6 18. Bxd4 Qxd4 19. Rf1 $40) 17. Nce2 exf5 (17... Qxb2
18. Rf1 $40) 18. exf5 Qxb2 19. Rd1 (19. Rf1) 19... f6 {Schwarz verteidigt sich
gegen f5-f6, aber dadurch wird das Feld e6 geschwächt.} (19... Nxd3 20. Rxd3
Qxa2 21. f6 (21. Rxg7+ {Schwarz muss immer mit diesem Turmopfer rechnen.} Nxg7
22. Bh6 f6 23. Rg3 Rf7 24. Qg4 Bxd4 (24... Qb1+ 25. Kh2 Bb5 (25... Qd1 26. Bxg7
$18) 26. Bxg7 Bxe2 27. Nxe2 Qb4 28. c4 $18) 25. Nxd4 (25. Bxg7 Bxf5 $19) 25...
Qa1+ 26. Kh2 Qe1 27. Bxg7 Qxg3+ 28. Qxg3 Rxg7 29. Qxd6 Rf7 $13 {Weiß hat eine
aktive Dame und die Initiative, aber der schwarze a- Bauer stellt eine
potentielle Gefahr dar.}) 21... g6 22. Bh6 $16) 20. Be4 {[%cal Ge4d5,Gd5g8,
Ge4b7] Weiß hat mehr als ausreichend Kompensation für den Bauern. Alle weißen
Figuren stehen aktiv.} Bc6 21. Nxc6 bxc6 (21... Nxc6 22. Bxc5 dxc5 23. Bxc6
bxc6 24. Qc4+ Kh8 (24... Rf7 25. Rd7 $18) 25. Qxc5 $16) 22. Bxc5 dxc5 23. Nf4 {
[%csl Ye6][%cal Gf4e6] Der Springer peilt das geschwächte Feld e6 an.} Rb8 (
23... Qxa2 24. Ne6 Rf7 25. Nd8 Rc7 (25... Rd7 26. Rxd7 Nxd7 27. Nxc6 $16) 26.
Qh5 $16) 24. Rb3 Rxb3 25. axb3 Rf7 (25... Nc7 26. Ne6 Nxe6 27. fxe6 h6 28. Qh5
$18 {[%cal Re6e7]}) 26. Qe1 $1 {[%csl Rb2][%cal Ge1a5] Die schwarze Dame steht
passiv auf b2. Mit dem Textzug verhindet Weiß das mögliche 26...Qc3.} Re7 (
26... Nc7 27. Rd8+ Rf8 28. Qd1 $16) 27. Ne6 {[%csl Ge6][%mdl 2048]} Qa3 28. Rd8
(28. Ra1 Qb4 29. Qxb4 cxb4 30. Rxa6 Nd6 31. Ra4 g6 (31... Nxe4 32. Ra8+ $18)
32. Rxb4 gxf5 33. Rb8+ Kf7 34. Nd8+ $16) 28... Kf7 29. Kh2 Rd7 30. Rxd7+ Nxd7
31. Bxc6 $16 {[%csl Gc6,Ge6] Weiß hat nun einen Bauern gewonnen, und seine
Figuren stehen viel aktiver.} c4 32. b4 $6 (32. Bxd7 Qd6+ {[%cal Rd6d7,Rd6h2]})
(32. Qd1 $1 $18 {Dieser Zug gewinnt sofort.}) 32... Ne5 33. Bxe8+ $1 Kxe8 34.
Qd2 {[%cal Rd2d8,Rd8e8] Droht 35.Qd8+ und 36.Qf8#.} Nd7 35. Qd6 Qe3 (35... Qc3
36. Nxg7+ $16) 36. Nxg7+ Kd8 37. Ne6+ Ke8 38. Nc7+ Kd8 39. Nxa6 $18 {Weiß hat
zwei Bauern mehr - Schwarz hat keine Kompensation.} Qb6 40. Qxb6+ Nxb6 41. Kg3
{[%cal Gg3f3,Gf3e4,Ge4d4]} Kd7 42. Kf3 Kc6 43. Ke4 Kb5 44. Nc7+ Kxb4 45. Nd5+
1-0